000 00321nam a2200133Ia 4500
008 240624s9999 xx 000 0 und d
041 _aeng
082 _a823 SCH
100 _aSCHAPER JULIE
245 _aTWIN CITIES NOIR
260 _c2006
_aNew Delhi
_bAkashic Books
300 _a258 : p. : cm. ; 21
365 _cRS
_b25
999 _c18740
_d18740